01131 a2200145 4500003000500000005001700005040000900022082001500031100001700046245009100063260003200154300001100186505075600197650003200953NUST20230126154704.0 cNust a909.58,NAL aNalder,R.F.H aThe History of British Army Signals in the Second World War /cMajor Gen: R.F.H Nalder aLondonbRoyal Signalsc1953 a376:p. aThe Years Between the World Wars (Page-1), Outline of the Main Developments in the Early Campaigns (Page-28), Putline of the Main Developments in the Later Campaigns in the West (Page-56), Outline of Developments in South-East Asia, 1943-45 (Page-90), Anglo-American Co-Operation (Page-105), Derection and Control (Page-118), Organization and Manpower (Page-134), Women's Services in Signals (Page-1510, Signal Systems and Traffic (Page-159), Wireless (Page-192), Line Communications (Page-2160, Signal Dispatch and Pigeons (Page-246), Signal Security (Page-252), Air Defence Communications (Page-268), Co- Operation With the Royal Navy and Royal Air Force (Page-281), Signal Equipment (Page-305), Signal Traning (Page-327), General Survey (Page-339). aThe History of British Army